Elementos de la tabla periodica - Quiz - Estadísticas

Estadísticas generales
  • Esta prueba ha sido intentada 1.351 veces
  • La puntuación promedio es 49 de 118
Estadísticas de respuestas
# Symbol Element % Correcto
1 H Hidrogeno
97%
3 Li Litio
92%
11 Na Sodio
91%
19 K Potasio
89%
12 Mg Magnesio
88%
4 Be Berilio
86%
8 O Oxigeno
86%
2 He Helio
84%
6 C Carbono
83%
7 N Nitrogeno
81%
5 B Boro
79%
20 Ca Calcio
79%
9 F Fluor
78%
10 Ne Neon
77%
13 Al Aluminio
74%
17 Cl Cloro
74%
15 P Fosforo
74%
79 Au Oro
74%
47 Ag Plata
74%
16 S Azufre
73%
18 Ar Argon
71%
87 Fr Francio
71%
26 Fe Hierro
70%
29 Cu Cobre
69%
88 Ra Radio
69%
35 Br Bromo
68%
25 Mn Manganeso
68%
37 Rb Rubidio
67%
14 Si Silicio
67%
38 Sr Estroncio
65%
55 Cs Cesio
64%
56 Ba Bario
63%
54 Xe Xenon
63%
53 I Yodo
63%
27 Co Cobalto
60%
31 Ga Galio
60%
30 Zn Zinc
60%
32 Ge Germanio
59%
34 Se Selenio
57%
33 As Arsenico
56%
86 Rn Radon
56%
24 Cr Cromo
55%
50 Sn Estaño
55%
80 Hg Mercurio
55%
82 Pb Plomo
55%
22 Ti Titanio
55%
49 In Indio
54%
28 Ni Niquel
54%
51 Sb Antimonio
51%
78 Pt Platino
50%
84 Po Polonio
48%
21 Sc Escandio
47%
83 Bi Bismuto
46%
85 At Astato
43%
46 Pd Paladio
42%
81 Tl Talio
41%
52 Te Telurio
41%
48 Cd Cadmio
39%
39 Y Itrio
35%
92 U Uranio
33%
74 W Wolframio
32%
94 Pu Plutonio
29%
45 Rh Rodio
29%
40 Zr Zirconio
29%
42 Mo Molibdeno
28%
41 Nb Niobio
27%
76 Os Osmio
27%
43 Tc Tecnecio
27%
57 La Lantano
26%
99 Es Einstenio
25%
77 Ir Iridio
25%
72 Hf Hafnio
24%
36 Kr Krypton
24%
44 Ru Rutenio
23%
104 Rf Rutherfordio
23%
75 Re Renio
22%
93 Np Neptunio
21%
89 Ac Actinio
20%
95 Am Americio
20%
98 Cf Californio
20%
96 Cm Curio
20%
63 Eu Europio
20%
58 Ce Cerio
19%
69 Tm Tulio
17%
108 Hs Hassi
16%
101 Md Mendelevio
16%
73 Ta Tantalio
16%
23 V Vanadium
16%
107 Bh Bohrio
15%
115 Mc Moscovio
15%
59 Pr Praseodimio
15%
62 Sm Samario
15%
97 Bk Berkelio
14%
105 Db Dubnio
14%
70 Yb Iterbio
14%
103 Lr Lawrencio
14%
117 Ts Teneso
14%
112 Cn Copernicio
13%
68 Er Erbio
13%
100 Fm Fermio
13%
116 Lv Livermorio
13%
71 Lu Lutecio
13%
60 Nd Neodimio
13%
106 Sg Seaborgio
13%
65 Tb Terbio
13%
90 Th Torio
13%
102 No Nobelio
12%
118 Og Organesson
12%
91 Pa Protactinio
11%
66 Dy Disprosio
10%
64 Gd Gadolinio
10%
114 Fl Flerovio
9%
67 Ho Holmio
9%
113 Nh Nihonio
8%
111 Rg Roentgenio
8%
110 Ds Darmstadio
7%
109 Mt Meitnerio
7%
61 Pm Promecio
5%
No se encontraron pruebas coincidentes
Distribución de puntuación
Porcentaje de gente con cada puntuación
Porcentaje por número respondido
Historial de tus puntuaciones
No has intentado esta prueba.